[Event "FB1 2223 Rodewischer Schachmiezen - SV "]
[Site "?"]
[Date "2022.11.12"]
[Round "3.6"]
[White "Miturova, Magdalena"]
[Black "Dartmann Aubanell, Catriona"]
[Result "0-1"]
[WhiteElo "2150"]
[BlackElo "1868"]
[PlyCount "116"]
[EventDate "2022.??.??"]

1. Nf3 d5 2. g3 Nf6 3. Bg2 Bf5 4. c4 c6 5. O-O e6 6. cxd5 exd5 7. d3 Bd6 8. Qb3 Qc7 9. Nc3 Nbd7 10. e4 dxe4 11. dxe4 Be6 12. Qc2 O-O 13. Re1 Ng4 14. Nd4 Bc5 15. Bf4 Qa5 16. Rad1 Rad8 17. h3 Nge5 18. a3 Ng6 19. Be3 Bxd4 20. Rxd4 Qh5 21. Qd1 Qa5 22. f4 f5 23. e5 Qc7 24. Qe2 Nb6 25. Rd6 Bc4 26. Qd2 Ne7 27. Bc5 Nbd5 28. Nxd5 Bxd5 29. Rxd8 Rxd8 30. Bd6 Qb6+ 31. Qf2 Qxf2+ 32. Kxf2 Bxg2 33. Kxg2 Nc8 34. Bb4 Kf7 35. g4 g6 36. Kg3 Ke6 37. gxf5+ gxf5 38. Kh4 Nb6 39. Rg1 Rd4 40. Kg5 Nd5 41. Bc5 Rxf4 42. Bxa7 Ra4 43. Bc5 Kxe5 44. h4 Nf4 45. Kh6 Nd3 46. Be7 f4 47. h5 f3 48. Rf1 f2 49. Bd8 c5 50. Bc7+ Ke4 51. Bg3 Kf3 52. Bxf2 Nxf2 53. Kxh7 Rg4 54. Rc1 Rg5 55. h6 Ng4 56. Rf1+ Ke4 57. Rf7 b6 58. Rg7 Kf5 0-1

[Event "FB1 2223 SV Weißblau Allianz Leipzig - "]
[Site "?"]
[Date "2022.11.12"]
[Round "3.1"]
[White "Gaponenko, Inna"]
[Black "Cyfka, Karina"]
[Result "1/2-1/2"]
[WhiteElo "2339"]
[BlackElo "2339"]
[PlyCount "64"]
[EventDate "2022.??.??"]

1. e4 e5 2. Nf3 Nc6 3. d4 exd4 4. Bc4 Nf6 5. e5 d5 6. Bb5 Nd7 7. O-O Be7 8. Bxc6 bxc6 9. Nxd4 Nb8 10. Nc3 O-O 11. Qf3 f6 12. e6 Bc5 13. Be3 Bxd4 14. Bxd4 Bxe6 15. Na4 Bf7 16. Qc3 Nd7 17. Qxc6 Ne5 18. Qc3 Nc4 19. Nc5 Nd6 20. Qd3 Qc8 21. Rfe1 Re8 22. f3 c6 23. Qa6 Qc7 24. Bf2 Nc4 25. b3 Ne5 26. Nd3 Nxd3 27. cxd3 c5 28. Rac1 Rxe1+ 29. Rxe1 c4 30. dxc4 dxc4 31. bxc4 Qxc4 32. Qxc4 Bxc4 1/2-1/2

[Event "FB1 2223 SV Weißblau Allianz Leipzig - "]
[Site "?"]
[Date "2022.11.12"]
[Round "3.2"]
[White "Jaracz, Barbara"]
[Black "Muetsch, Annmarie"]
[Result "0-1"]
[WhiteElo "2185"]
[BlackElo "2234"]
[PlyCount "82"]
[EventDate "2022.??.??"]

1. e4 d6 2. d4 Nf6 3. Nc3 e5 4. Nf3 Nbd7 5. Bc4 Be7 6. O-O O-O 7. h3 a6 8. a4 b6 9. Qe2 c6 10. Rd1 Qc7 11. Ba2 Bb7 12. Bg5 h6 13. Bh4 b5 14. b4 Rfe8 15. dxe5 dxe5 16. Rab1 Nf8 17. Bg3 Ng6 18. Nh4 Nxh4 19. Bxh4 Red8 20. Qf3 Rxd1+ 21. Rxd1 Rd8 22. Qf5 Rxd1+ 23. Nxd1 Qd6 24. Ne3 Qxb4 25. Bxf6 Bxf6 26. Qh5 Qf8 27. Nf5 Bc8 28. axb5 axb5 29. Bb3 Be6 30. Bxe6 fxe6 31. Ne3 Qf7 32. Qd1 Qe7 33. Ng4 c5 34. Qe1 Kh7 35. Qa5 Qd7 36. Kh2 Be7 37. g3 Bd6 38. h4 h5 39. Ne3 c4 40. Qa8 Bc5 41. Qb8 Qd2 0-1

[Event "FB1 2223 SV Weißblau Allianz Leipzig - "]
[Site "?"]
[Date "2022.11.12"]
[Round "3.3"]
[White "Kononenko, Tatiana"]
[Black "Hincu, Olga"]
[Result "1/2-1/2"]
[WhiteElo "2346"]
[BlackElo "2116"]
[PlyCount "188"]
[EventDate "2022.??.??"]

1. d4 d5 2. c4 e6 3. Nc3 Nf6 4. cxd5 exd5 5. Bg5 c6 6. Qc2 Be7 7. e3 Nbd7 8. Bd3 Nh5 9. Bxe7 Qxe7 10. Nge2 g6 11. O-O-O Ndf6 12. h3 Ng7 13. g4 O-O 14. Kb1 Re8 15. Ng3 b5 16. Rhe1 Ne6 17. Bf1 Bb7 18. f3 Rac8 19. Qf2 b4 20. Na4 c5 21. Nxc5 Nxc5 22. dxc5 Qxc5 23. g5 Nd7 24. f4 b3 25. axb3 Qb4 26. Rd4 Qxb3 27. Qd2 a5 28. Bg2 Nb6 29. Qd3 Qxd3+ 30. Rxd3 Ba6 31. Rd4 Nc4 32. Bxd5 Nxe3 33. Bb3 Rb8 34. Ka2 Rb4 35. Rxb4 axb4 36. Ba4 Re6 37. Bb3 Re7 38. Rc1 Ra7 39. Ba4 Bc4+ 40. b3 Rxa4+ 41. Kb2 Ra3 42. bxc4 Nxc4+ 43. Rxc4 Rxg3 44. Rxb4 Rxh3 45. Kc2 Kg7 46. Kd2 h6 47. gxh6+ Kxh6 48. Ke2 f5 49. Rb1 Kh5 50. Rg1 Ra3 51. Kf2 Kh6 52. Rb1 Rc3 53. Ra1 Rc6 54. Kf3 Kg7 55. Ra8 Rc1 56. Ra7+ Kh6 57. Ra8 Rc3+ 58. Kf2 Kh5 59. Ra6 Rh3 60. Rc6 Kg4 61. Rxg6+ Kxf4 62. Ra6 Rh2+ 63. Kf1 Rh3 64. Kf2 Rf3+ 65. Ke2 Rg3 66. Kf2 Rf3+ 67. Ke2 Re3+ 68. Kf2 Re4 69. Ra8 Rb4 70. Ra7 Rb2+ 71. Kf1 Kf3 72. Ra3+ Kg4 73. Ra4+ f4 74. Ra3 Rh2 75. Rb3 Rh1+ 76. Kf2 Ra1 77. Rc3 Ra4 78. Rb3 Ra2+ 79. Kf1 Rh2 80. Ra3 Rh6 81. Rb3 f3 82. Rb8 Rg6 83. Kf2 Rf6 84. Rb4+ Kg5 85. Rb5+ Kf4 86. Rb4+ Kg5 87. Rb5+ Kg4 88. Rb4+ Rf4 89. Rxf4+ Kxf4 90. Kf1 Kg4 91. Kf2 Kf4 92. Kf1 Kg3 93. Kg1 f2+ 94. Kf1 Kf3 1/2-1/2

[Event "FB1 2223 SV Weißblau Allianz Leipzig - "]
[Site "?"]
[Date "2022.11.12"]
[Round "3.4"]
[White "Wagenschuetz, Evelyn"]
[Black "Zozulia, Anna"]
[Result "1/2-1/2"]
[WhiteElo "2103"]
[BlackElo "2237"]
[PlyCount "93"]
[EventDate "2022.??.??"]

1. e4 c5 2. Nf3 Nc6 3. d4 cxd4 4. Nxd4 e5 5. Nb5 d6 6. N1c3 a6 7. Na3 Be6 8. Nc4 b5 9. Ne3 Nf6 10. Ned5 Be7 11. Be3 O-O 12. Nxf6+ Bxf6 13. Nd5 Bg5 14. Qd2 Bxe3 15. Nxe3 Rc8 16. a4 Nd4 17. axb5 axb5 18. Rd1 Qg5 19. c3 Nb3 20. Qxd6 Nc5 21. h4 Qf4 22. g3 Qxe4 23. Bg2 Qg6 24. O-O Bb3 25. Qxg6 hxg6 26. Rd6 Rfd8 27. Rb6 Bc4 28. Ra1 Rb8 29. Rxb8 Rxb8 30. b4 Nb3 31. Ra7 Be6 32. Rb7 Rxb7 33. Bxb7 Nc1 34. Bf3 Na2 35. Bd5 Nxc3 36. Bxe6 fxe6 37. Kg2 e4 38. Nc2 Kf7 39. Kf1 e5 40. Ke1 Nd5 41. Kd2 Kf6 42. Na3 g5 43. hxg5+ Kxg5 44. Nxb5 e3+ 45. fxe3 Kg4 46. Nd6 Nxb4 47. Ke2 1/2-1/2

[Event "FB1 2223 SV Weißblau Allianz Leipzig - "]
[Site "?"]
[Date "2022.11.12"]
[Round "3.5"]
[White "Muedder, Melanie"]
[Black "Schulz, Petra"]
[Result "1/2-1/2"]
[WhiteElo "1926"]
[BlackElo "2003"]
[PlyCount "65"]
[EventDate "2022.??.??"]

1. e4 e6 2. d4 d5 3. Nd2 c5 4. c3 cxd4 5. cxd4 Nc6 6. Ngf3 Nh6 7. exd5 exd5 8. Bb5 a6 9. Bxc6+ bxc6 10. O-O Be7 11. Ne5 Qc7 12. Nb3 Nf5 13. Qc2 Bd7 14. Bf4 Bd6 15. Nxd7 Qxd7 16. Rfe1+ Ne7 17. Nc5 Qc7 18. Bxd6 Qxd6 19. Qe2 a5 20. Rac1 Kf8 21. Qf3 Kg8 22. Re3 h6 23. Rce1 Ra7 24. Re5 Ng6 25. Re8+ Kh7 26. Rxh8+ Kxh8 27. Nd3 Re7 28. Re3 Kg8 29. g3 Rxe3 30. Qxe3 Qf6 31. a3 h5 32. h4 Ne7 33. Ne5 1/2-1/2

[Event "FB1 2223 SV Weißblau Allianz Leipzig - "]
[Site "?"]
[Date "2022.11.12"]
[Round "3.6"]
[White "Germann, Heike"]
[Black "Sereda, Yaroslava"]
[Result "1-0"]
[WhiteElo "1991"]
[BlackElo "1909"]
[PlyCount "89"]
[EventDate "2022.??.??"]

1. d4 d5 2. c4 e6 3. Nc3 Nf6 4. Bg5 Be7 5. e3 O-O 6. Nf3 h6 7. Bh4 Re8 8. Rc1 Nbd7 9. Bd3 c6 10. O-O dxc4 11. Bxc4 Nd5 12. Bxe7 Qxe7 13. Qe2 Nxc3 14. bxc3 e5 15. Rb1 e4 16. Nd2 Nf6 17. Rfc1 Qd6 18. Nf1 Bg4 19. Qc2 Rab8 20. Rb2 h5 21. Rcb1 b6 22. Be2 Bxe2 23. Qxe2 Rbc8 24. c4 g6 25. Qc2 Qe6 26. a4 h4 27. c5 Nd5 28. h3 Kg7 29. Nd2 Qe7 30. cxb6 axb6 31. Nc4 c5 32. Nxb6 Nxb6 33. Rxb6 cxd4 34. Qb2 Rc4 35. a5 Qe5 36. Rb5 Qf6 37. exd4 Rxd4 38. a6 Red8 39. a7 Kh7 40. Rf1 Qf4 41. Qxd4 Rxd4 42. a8=Q e3 43. fxe3 Qxe3+ 44. Kh1 Rf4 45. Rbb1 1-0

[Event "FB1 2223 Schachfreunde Deizisau - SV Me"]
[Site "?"]
[Date "2022.11.12"]
[Round "3.1"]
[White "Nguyen, Ha Thanh"]
[Black "Klek, Hanna Marie"]
[Result "0-1"]
[WhiteElo "1982"]
[BlackElo "2315"]
[PlyCount "64"]
[EventDate "2022.??.??"]

1. e4 e5 2. Nf3 Nc6 3. Bc4 Nf6 4. d3 Bc5 5. c3 d6 6. Bb3 a5 7. a4 h6 8. Nbd2 O-O 9. O-O Re8 10. h3 Be6 11. Re1 Ba7 12. Nf1 d5 13. Bc2 Qd6 14. Nh4 Rad8 15. Qf3 Nh7 16. Qg3 Kh8 17. Ne3 d4 18. Nef5 Qf8 19. c4 Bc5 20. Rf1 g5 21. Nf3 Bxf5 22. exf5 Bd6 23. c5 Bxc5 24. Nd2 Qg7 25. Ne4 Be7 26. f3 Nb4 27. Bb1 Nf8 28. Bd2 Nd5 29. Rc1 Bb4 30. Bxb4 axb4 31. Ba2 Nf4 32. Bc4 Ne2+ 0-1

[Event "FB1 2223 Schachfreunde Deizisau - SV Me"]
[Site "?"]
[Date "2022.11.12"]
[Round "3.2"]
[White "Schleining, Zoya"]
[Black "Reuter, Elisa"]
[Result "1-0"]
[WhiteElo "2337"]
[BlackElo "1909"]
[PlyCount "151"]
[EventDate "2022.??.??"]

1. e4 c5 2. Nf3 Nc6 3. Bb5 g6 4. O-O Bg7 5. d3 e5 6. Nc3 Nge7 7. a3 O-O 8. b4 d6 9. bxc5 dxc5 10. Bc4 h6 11. Re1 b6 12. Nd5 Be6 13. Nxe7+ Qxe7 14. Bd5 Rac8 15. c4 Bg4 16. h3 Bxf3 17. Qxf3 Nd4 18. Qd1 Ne6 19. Ra2 Rcd8 20. Be3 Kh7 21. Kh1 Nf4 22. a4 Rd7 23. Ra3 Rc7 24. Qf3 Ne6 25. a5 Nd4 26. Bxd4 cxd4 27. axb6 axb6 28. Rb3 Rb8 29. Reb1 Qf6 30. Qxf6 Bxf6 31. Rxb6 Rxb6 32. Rxb6 Bg7 33. h4 Bf8 34. g3 Kg7 35. Kg2 Bc5 36. Rb5 Bd6 37. Rb6 Bc5 38. Rb8 Bd6 39. Rd8 Be7 40. Ra8 Bb4 41. f4 exf4 42. gxf4 Be7 43. Kg3 h5 44. e5 Bc5 45. Kf3 Ba7 46. Ke4 f5+ 47. Kf3 Bc5 48. Kg3 Bf8 49. Ra6 Be7 50. Bc6 Rc8 51. Ra7 Kf8 52. Bb5 Bc5 53. Rh7 Kg8 54. Rd7 Kf8 55. Kf3 Kg8 56. Ke2 Kf8 57. Kd1 Kg8 58. Kc2 Kf8 59. Kb3 Kg8 60. Rb7 Kf8 61. Kb2 Be7 62. e6 Rd8 63. Kb3 Rc8 64. Rd7 Bc5 65. Rf7+ Kg8 66. Rb7 Kf8 67. Bd7 Ra8 68. Ba4 Rc8 69. Bb5 Be7 70. Ra7 Bc5 71. Rd7 Rb8 72. Rf7+ Kg8 73. Rc7 Bd6 74. Rd7 Bc5 75. e7 Re8 76. Rd8 1-0

[Event "FB1 2223 Schachfreunde Deizisau - SV Me"]
[Site "?"]
[Date "2022.11.12"]
[Round "3.3"]
[White "Mueller-Ludwig, Kristin"]
[Black "Belenkaya, Dina"]
[Result "0-1"]
[WhiteElo "2050"]
[BlackElo "2292"]
[PlyCount "62"]
[EventDate "2022.??.??"]

1. e4 c6 2. d4 d5 3. Nc3 dxe4 4. Nxe4 Bf5 5. Ng3 Bg6 6. h4 h6 7. Nf3 e6 8. h5 Bh7 9. Bd3 Bxd3 10. Qxd3 Nf6 11. Bf4 Qa5+ 12. Bd2 Bb4 13. c3 Be7 14. c4 Qc7 15. O-O-O O-O 16. Qe2 c5 17. Kb1 cxd4 18. Nxd4 Nc6 19. Bc3 Rac8 20. Nb5 Qf4 21. Nd4 Rfd8 22. Nf3 a6 23. Rxd8+ Bxd8 24. Rh4 Qd6 25. Ne4 Nxe4 26. Rxe4 b5 27. b3 Ba5 28. Bb2 Ne7 29. Ne5 Rd8 30. Rd4 Qc5 31. cxb5 Rxd4 0-1

[Event "FB1 2223 Schachfreunde Deizisau - SV Me"]
[Site "?"]
[Date "2022.11.12"]
[Round "3.4"]
[White "Rapport, Jovana"]
[Black "Troyke, Doreen"]
[Result "1-0"]
[WhiteElo "2289"]
[BlackElo "2001"]
[PlyCount "55"]
[EventDate "2022.??.??"]

1. e4 c5 2. Nf3 Nc6 3. Bb5 g6 4. O-O Bg7 5. c3 e5 6. d4 exd4 7. cxd4 Nxd4 8. Nxd4 cxd4 9. Bf4 Qb6 10. Na3 Qf6 11. Qd2 Ne7 12. Bg5 Qe6 13. f4 Nc6 14. f5 Qd6 15. Nc4 Qc7 16. f6 Bf8 17. Bf4 Qd8 18. Bd6 h5 19. Rad1 h4 20. h3 Rh5 21. a4 Bxd6 22. Nxd6+ Kf8 23. Bc4 Ne5 24. Be2 Rh7 25. Qxd4 Nc6 26. Qc3 Kg8 27. Kh1 a5 28. Bg4 1-0

[Event "FB1 2223 Schachfreunde Deizisau - SV Me"]
[Site "?"]
[Date "2022.11.12"]
[Round "3.5"]
[White "Umpfenbach, Carolin"]
[Black "Koepke, Elena"]
[Result "0-1"]
[WhiteElo "2046"]
[BlackElo "2260"]
[PlyCount "100"]
[EventDate "2022.??.??"]

1. d4 d5 2. c4 dxc4 3. e3 e5 4. Bxc4 exd4 5. exd4 Nf6 6. Nf3 Bd6 7. O-O O-O 8. Bg5 h6 9. Bh4 Nc6 10. Nbd2 g5 11. Bg3 Bxg3 12. hxg3 Nxd4 13. Nxd4 Qxd4 14. Qc2 Kg7 15. Rad1 Bg4 16. Nf3 Qc5 17. Qb3 Bxf3 18. gxf3 a5 19. a4 Qb4 20. Qxb4 axb4 21. b3 Rfd8 22. Rfe1 Kf8 23. Kf1 c6 24. Rxd8+ Rxd8 25. Re5 Nd7 26. Rf5 f6 27. f4 Ke7 28. fxg5 hxg5 29. Rf3 Ne5 30. Re3 Kd6 31. Be2 c5 32. f4 gxf4 33. gxf4 Ng6 34. Rd3+ Kc7 35. Rxd8 Kxd8 36. f5 Ne7 37. Bf3 Kc7 38. Ke2 Nxf5 39. Kd3 Nd6 40. Bd5 Kb6 41. Bg8 Ka5 42. Bd5 Kb6 43. Bg8 Kc6 44. Be6 f5 45. Ke3 c4 46. bxc4 Kc5 47. Kd3 b6 48. Bd7 f4 49. Be6 f3 50. Ke3 b3 0-1

[Event "FB1 2223 Schachfreunde Deizisau - SV Me"]
[Site "?"]
[Date "2022.11.12"]
[Round "3.6"]
[White "Jelica, Mara"]
[Black "Ulrich, Helena Irene"]
[Result "0-1"]
[WhiteElo "2111"]
[BlackElo "1592"]
[PlyCount "102"]
[EventDate "2022.??.??"]

1. e4 c5 2. Nf3 Nc6 3. d4 cxd4 4. Nxd4 Nf6 5. Nc3 e5 6. Ndb5 d6 7. Bg5 a6 8. Na3 b5 9. Nd5 Be7 10. Bxf6 Bxf6 11. c3 O-O 12. Nc2 Rb8 13. a4 bxa4 14. Ncb4 Nxb4 15. Nxb4 Bb7 16. Qxa4 a5 17. Nc2 Qb6 18. Rb1 Bc6 19. Qc4 Bg5 20. h4 Bh6 21. Be2 Qb7 22. Bf3 Bb5 23. Qd5 Qxd5 24. exd5 Bd3 25. Bd1 Rfc8 26. Rh3 Be4 27. g4 Bf4 28. b3 Bxd5 29. Rd3 Be4 30. Rxd6 Rxc3 31. Rb2 Kf8 32. Na3 a4 33. Nb1 Bxb1 34. Rxb1 axb3 35. Bxb3 Rcxb3 36. Rbd1 Rb1 37. Ke2 Rxd1 38. Rxd1 Rb2+ 39. Kf3 Rb3+ 40. Ke4 Ke7 41. Ra1 Rb4+ 42. Kf3 Rd4 43. Ra7+ Rd7 44. Ra6 Rd6 45. Ra8 g6 46. g5 h6 47. gxh6 Bxh6 48. Rh8 Bf4 49. h5 gxh5 50. Rxh5 Rh6 51. Rxh6 Bxh6 0-1

[Event "FB1 2223 OSG Baden-Baden - SC 1957 Bad "]
[Site "?"]
[Date "2022.11.12"]
[Round "3.1"]
[White "Osmak, Yuliia"]
[Black "Abdumalik, Zhansaya"]
[Result "1-0"]
[WhiteElo "2442"]
[BlackElo "2501"]
[PlyCount "81"]
[EventDate "2022.??.??"]

1. d4 Nf6 2. Nf3 e6 3. c4 d5 4. Nc3 c6 5. e3 Nbd7 6. Be2 dxc4 7. a4 Qa5 8. Bd2 Bb4 9. Bxc4 O-O 10. Qb3 c5 11. O-O b6 12. d5 e5 13. e4 a6 14. Qc2 Ne8 15. Bg5 f6 16. Nd2 b5 17. axb5 Qd8 18. Be3 Nd6 19. Bd3 f5 20. exf5 e4 21. Ncxe4 Nxf5 22. Bxc5 Nxc5 23. Nxc5 Nd4 24. Qc4 Qh4 25. d6+ Kh8 26. Be4 Bxc5 27. Qxc5 Ne2+ 28. Kh1 Rb8 29. bxa6 Rf6 30. Qe5 Re6 31. Qf5 Rf6 32. g3 Qh6 33. Qe5 Bxa6 34. Rxa6 Rbf8 35. Bf3 Re6 36. Qd5 Qh3 37. Bxe2 Rxe2 38. Qf3 Ree8 39. Qg2 Qh6 40. Ne4 Qe6 41. f3 1-0

[Event "FB1 2223 OSG Baden-Baden - SC 1957 Bad "]
[Site "?"]
[Date "2022.11.12"]
[Round "3.2"]
[White "Stefanova, Antoaneta"]
[Black "Kiolbasa, Oliwia"]
[Result "1/2-1/2"]
[WhiteElo "2442"]
[BlackElo "2406"]
[PlyCount "40"]
[EventDate "2022.??.??"]

1. Nf3 d5 2. c4 e6 3. e3 Nf6 4. a3 c5 5. d4 dxc4 6. Bxc4 a6 7. dxc5 Qxd1+ 8. Kxd1 Bxc5 9. b4 Be7 10. Ne5 Nbd7 11. Nd3 b5 12. Bb3 Bb7 13. f3 Bd5 14. Nd2 Rc8 15. Bb2 O-O 16. Rc1 Nb6 17. Ke2 Bxb3 18. Nxb3 Nc4 19. Bd4 Nd7 20. Nbc5 Nxc5 1/2-1/2

[Event "FB1 2223 OSG Baden-Baden - SC 1957 Bad "]
[Site "?"]
[Date "2022.11.12"]
[Round "3.3"]
[White "Maltsevskaya, Aleksandra"]
[Black "Paehtz, Elisabeth"]
[Result "1/2-1/2"]
[WhiteElo "2402"]
[BlackElo "2464"]
[PlyCount "49"]
[EventDate "2022.??.??"]

1. e4 c5 2. Nf3 d6 3. Bb5+ Bd7 4. Bxd7+ Nxd7 5. O-O Ngf6 6. Re1 e6 7. c3 Be7 8. d4 cxd4 9. cxd4 d5 10. e5 Ne4 11. Nbd2 Nxd2 12. Bxd2 O-O 13. Re3 Rc8 14. Rc1 Rxc1 15. Qxc1 Nb8 16. h4 Nc6 17. h5 Bg5 18. Nxg5 Qxg5 19. Rg3 Qxh5 20. Bh6 Nxd4 21. Rxg7+ Kh8 22. Qc5 Qd1+ 23. Kh2 Qh5+ 24. Kg1 Qd1+ 25. Kh2 1/2-1/2

[Event "FB1 2223 OSG Baden-Baden - SC 1957 Bad "]
[Site "?"]
[Date "2022.11.12"]
[Round "3.4"]
[White "Salimova, Nurgyul"]
[Black "Wagner, Dinara"]
[Result "1/2-1/2"]
[WhiteElo "2379"]
[BlackElo "2420"]
[PlyCount "53"]
[EventDate "2022.??.??"]

1. d4 Nf6 2. Nf3 d5 3. c4 e6 4. g3 dxc4 5. Bg2 Bb4+ 6. Bd2 c5 7. Bxb4 cxb4 8. Ne5 O-O 9. a3 Nd5 10. Nxc4 Nc6 11. O-O b5 12. Ne5 Nxe5 13. dxe5 Qb6 14. e4 Ne7 15. axb4 Nc6 16. Nc3 Nxe5 17. Qh5 f6 18. Qe2 Bd7 19. Rfd1 Rfd8 20. Bh3 Kf8 21. Qh5 h6 22. Qe2 a6 23. Rd2 Nc4 24. Rd3 Ne5 25. Rd2 Nc4 26. Rd3 Ne5 27. Rd2 1/2-1/2

[Event "FB1 2223 OSG Baden-Baden - SC 1957 Bad "]
[Site "?"]
[Date "2022.11.12"]
[Round "3.5"]
[White "Melamed, Tatjana"]
[Black "Zatonskih, Anna"]
[Result "1/2-1/2"]
[WhiteElo "2366"]
[BlackElo "2349"]
[PlyCount "42"]
[EventDate "2022.??.??"]

1. e4 e5 2. Nf3 Nf6 3. Nxe5 d6 4. Nf3 Nxe4 5. d4 d5 6. Bd3 Be7 7. O-O Bf5 8. Re1 O-O 9. Nbd2 Nd6 10. Nf1 Bxd3 11. Qxd3 c6 12. Bf4 Na6 13. Re2 Nc7 14. Rae1 Ne6 15. Bxd6 Bxd6 16. g3 Qf6 17. Ne5 Bxe5 18. Rxe5 Rfe8 19. Nd2 Nc7 20. Nf3 Rxe5 21. Nxe5 Re8 1/2-1/2

[Event "FB1 2223 OSG Baden-Baden - SC 1957 Bad "]
[Site "?"]
[Date "2022.11.12"]
[Round "3.6"]
[White "Tammert, Iamze"]
[Black "Savina, Anastasia"]
[Result "1/2-1/2"]
[WhiteElo "2294"]
[BlackElo "2354"]
[PlyCount "81"]
[EventDate "2022.??.??"]

1. c4 g6 2. Nc3 Bg7 3. g3 Nc6 4. Bg2 e5 5. d3 d6 6. Nf3 f5 7. Nd5 Nce7 8. O-O c6 9. Nxe7 Qxe7 10. e4 fxe4 11. dxe4 Nf6 12. Ne1 O-O 13. b3 Bg4 14. Qd2 Rad8 15. Nc2 Qe6 16. Ba3 Bh3 17. Bxh3 Qxh3 18. f3 Rfe8 19. Rad1 d5 20. cxd5 cxd5 21. exd5 Rxd5 22. Qe2 Rxd1 23. Rxd1 h5 24. Ne3 Kh7 25. Nd5 Nxd5 26. Rxd5 Qf5 27. Qe4 Rc8 28. Qxf5 gxf5 29. Bb2 Kg6 30. Bxe5 Rc1+ 31. Kf2 Rc2+ 32. Ke3 Bxe5 33. Rxe5 Rxa2 34. h4 Rb2 35. Rb5 b6 36. Kf4 Rb1 37. Rb4 Rb2 38. Rb5 Rb1 39. Rb4 Rb2 40. Rb5 Rb1 41. Rb4 1/2-1/2

[Event "FB1 2223 SK Schwäbisch Hall - TuRa Har"]
[Site "?"]
[Date "2022.11.12"]
[Round "3.1"]
[White "Antolak, Julia"]
[Black "Javakhishvili, Lela"]
[Result "1/2-1/2"]
[WhiteElo "2278"]
[BlackElo "2455"]
[PlyCount "33"]
[EventDate "2022.??.??"]

1. e4 c5 2. Nf3 e6 3. d4 cxd4 4. Nxd4 Nc6 5. Nc3 Qc7 6. Qd3 Nf6 7. Nxc6 dxc6 8. Qg3 e5 9. Bc4 b5 10. Bd3 Be7 11. a4 b4 12. Ne2 O-O 13. Bh6 Nh5 14. Qf3 Nf6 15. Qg3 Nh5 16. Qf3 Nf6 17. Qg3 1/2-1/2

[Event "FB1 2223 SK Schwäbisch Hall - TuRa Har"]
[Site "?"]
[Date "2022.11.12"]
[Round "3.2"]
[White "Arabidze, Meri"]
[Black "Urh, Zala"]
[Result "1-0"]
[WhiteElo "2421"]
[BlackElo "2290"]
[PlyCount "75"]
[EventDate "2022.??.??"]

1. d4 Nf6 2. c4 e6 3. Nc3 Bb4 4. f3 c5 5. a3 Bxc3+ 6. bxc3 d5 7. cxd5 exd5 8. e3 O-O 9. Bd3 b6 10. Ne2 Ba6 11. O-O Bxd3 12. Qxd3 Re8 13. Ng3 Nc6 14. Bb2 Rc8 15. Rae1 Rc7 16. e4 dxe4 17. fxe4 Ne5 18. Qe2 cxd4 19. cxd4 Nc4 20. Ba1 Qe7 21. a4 Qb4 22. Rc1 Rec8 23. Rcd1 Re8 24. d5 Ne5 25. Rxf6 gxf6 26. Nh5 Qd6 27. Rf1 f5 28. exf5 f6 29. h3 Kh8 30. Nf4 Rg7 31. Ne6 Rg3 32. Bxe5 fxe5 33. Qe4 Reg8 34. Rf2 Rb3 35. f6 Rb4 36. Qf5 Qxd5 37. f7 Qd1+ 38. Kh2 1-0

[Event "FB1 2223 SK Schwäbisch Hall - TuRa Har"]
[Site "?"]
[Date "2022.11.12"]
[Round "3.3"]
[White "Radikovic, Anamarija"]
[Black "Atalik, Ekaterina"]
[Result "0-1"]
[WhiteElo "2101"]
[BlackElo "2398"]
[PlyCount "86"]
[EventDate "2022.??.??"]

1. e4 e5 2. Nf3 Nc6 3. Bb5 a6 4. Ba4 Nf6 5. O-O Be7 6. d4 b5 7. Bb3 d6 8. dxe5 Nxe5 9. Nxe5 dxe5 10. Qe2 O-O 11. Rd1 Qe8 12. Nc3 c6 13. a4 Be6 14. Bg5 Bxb3 15. cxb3 Nd7 16. Qg4 Bxg5 17. Qxd7 Qxd7 18. Rxd7 Rfd8 19. Rad1 Kf8 20. Rxd8+ Rxd8 21. Rxd8+ Bxd8 22. axb5 axb5 23. Kf1 Ke7 24. Ke2 Kd6 25. Kd3 Bb6 26. f3 Bd4 27. Kc2 g6 28. Nb1 Kc5 29. Nc3 Bg1 30. h3 Kd4 31. Kd2 Be3+ 32. Ke2 Bc1 33. Na2 Bxb2 34. Nb4 Kc3 35. Nxc6 Kxb3 36. Kd3 Bc3 37. Ne7 b4 38. Nd5 Bd4 39. f4 Ka3 40. Kc2 exf4 41. Nxf4 Ka2 42. Ne2 b3+ 43. Kd3 Be5 0-1

[Event "FB1 2223 SK Schwäbisch Hall - TuRa Har"]
[Site "?"]
[Date "2022.11.12"]
[Round "3.4"]
[White "Bulmaga, Irina"]
[Black "Brandt, Carina"]
[Result "1-0"]
[WhiteElo "2426"]
[BlackElo "2040"]
[PlyCount "77"]
[EventDate "2022.??.??"]

1. e4 e6 2. d4 d5 3. Nc3 Bb4 4. e5 c5 5. a3 Bxc3+ 6. bxc3 Ne7 7. h4 Qa5 8. Bd2 Qa4 9. h5 Nbc6 10. Nf3 cxd4 11. Rh4 Nf5 12. Rf4 f6 13. g4 fxe5 14. Nxe5 Nxe5 15. gxf5 O-O 16. cxd4 Nc4 17. Bb4 Rxf5 18. Rxf5 exf5 19. Bxc4 dxc4 20. Qe2 Qc6 21. d5 Qb5 22. O-O-O Bd7 23. Qe7 Re8 24. Qd6 Bc8 25. Rg1 Qb6 26. Qg3 Qh6+ 27. f4 Re4 28. Bc3 Re7 29. Qh4 Rf7 30. Rxg7+ Rxg7 31. Qd8+ Kf7 32. Qc7+ Kg8 33. Qxc8+ Kf7 34. Qxb7+ Kg8 35. Qb8+ Kf7 36. Qxa7+ Kg8 37. Qxg7+ Qxg7 38. Bxg7 Kxg7 39. a4 1-0

[Event "FB1 2223 SK Schwäbisch Hall - TuRa Har"]
[Site "?"]
[Date "2022.11.12"]
[Round "3.5"]
[White "Giede, Anna-Blume"]
[Black "Milliet, Sophie"]
[Result "0-1"]
[WhiteElo "1596"]
[BlackElo "2388"]
[PlyCount "68"]
[EventDate "2022.??.??"]

1. c4 e5 2. Nc3 d6 3. g3 Be7 4. Bg2 f5 5. e3 Nf6 6. Nge2 c6 7. f4 e4 8. d3 d5 9. O-O Na6 10. cxd5 cxd5 11. d4 Nb4 12. Bd2 O-O 13. Qb3 Nc6 14. Rac1 Na5 15. Qc2 b6 16. Nb5 Ba6 17. Nec3 Qd7 18. a4 Rfc8 19. b3 Nc6 20. Rfd1 Nb4 21. Qb1 Nd3 22. Rc2 Bb7 23. Ne2 a6 24. Nbc3 Rc7 25. Na2 Rac8 26. Rxc7 Qxc7 27. Nec1 Qc2 28. Qxc2 Rxc2 29. Nxd3 exd3 30. Nc1 Ne4 31. Bxe4 dxe4 32. Kf1 Bd5 33. b4 Bf7 34. Ke1 Bh5 0-1

[Event "FB1 2223 SK Schwäbisch Hall - TuRa Har"]
[Site "?"]
[Date "2022.11.12"]
[Round "3.6"]
[White "Matnadze Bujiashvili, Ann"]
[Black "Caliebe, Nanke"]
[Result "1-0"]
[WhiteElo "2387"]
[BlackElo "1527"]
[PlyCount "103"]
[EventDate "2022.??.??"]

1. d4 d5 2. Nf3 Nf6 3. g3 Bf5 4. Bg2 e6 5. O-O Be7 6. c4 dxc4 7. Qa4+ c6 8. Qxc4 O-O 9. Nc3 h6 10. Qb3 Qc8 11. Ne5 Nbd7 12. Nc4 a5 13. a4 Rd8 14. e4 Bg6 15. Bf4 Ra6 16. Rac1 Bh7 17. Rfe1 Bb4 18. Nd6 Bxd6 19. Bxd6 Nb6 20. Be7 Rd7 21. Bxf6 gxf6 22. Bf1 Rxd4 23. Bxa6 Rb4 24. Qd1 bxa6 25. Qh5 Qf8 26. Rc2 Nc4 27. Na2 Rxb2 28. Rxc4 Rxa2 29. Qxa5 Qa8 30. Qb6 a5 31. Rd1 Kg7 32. Rd8 Rb2 33. Rxa8 Rxb6 34. Rxa5 Rb1+ 35. Kg2 Re1 36. f3 f5 37. Kf2 Ra1 38. h4 fxe4 39. fxe4 f5 40. exf5 Bxf5 41. g4 Ra2+ 42. Ke3 Ra3+ 43. Kf4 Bg6 44. Ra7+ Kf8 45. Rxc6 Be8 46. Rc8 e5+ 47. Kxe5 Re3+ 48. Kf4 Re1 49. a5 Ra1 50. Raa8 Re1 51. a6 Kf7 52. Rxe8 1-0

[Event "FB1 2223 FC Bayern München - Hamburger"]
[Site "?"]
[Date "2022.11.12"]
[Round "3.1"]
[White "Socko, Monika"]
[Black "Ricken, Katharina"]
[Result "1-0"]
[WhiteElo "2458"]
[BlackElo "2188"]
[PlyCount "98"]
[EventDate "2022.??.??"]

1. d4 e6 2. Nf3 Nf6 3. g3 b6 4. Bg2 Bb7 5. O-O Be7 6. c4 O-O 7. Re1 c5 8. d5 exd5 9. Nh4 Ne4 10. cxd5 Bxh4 11. Bxe4 Bf6 12. Nc3 d6 13. Bf4 Re8 14. Qc2 g6 15. Rad1 a6 16. a4 Qe7 17. Bg2 Nd7 18. Ne4 Be5 19. Bg5 f6 20. Bc1 f5 21. Ng5 Bf6 22. Ne6 Nf8 23. e4 fxe4 24. Rxe4 Qf7 25. Qb3 Rab8 26. Bf4 Bxd5 27. Qxd5 Rxe6 28. Rxe6 Nxe6 29. Bxd6 Rd8 30. Re1 Nf8 31. Qc6 Qd7 32. Bd5+ Kh8 33. Bf4 Qxc6 34. Bxc6 Kg7 35. b3 g5 36. Be3 Rd3 37. Rb1 Ne6 38. b4 Bd4 39. bxc5 Bxe3 40. cxb6 Nd8 41. Be4 Rd4 42. b7 Nxb7 43. Rxb7+ Kh8 44. Rxh7+ Kg8 45. fxe3 Rxe4 46. Rh5 g4 47. Ra5 Rxe3 48. Rg5+ Kf7 49. Rxg4 a5 1-0